LEADER 01196nam a2200301 a 4500 001 000000147709 003 CaOOAMICUS 005 20151126131059.0 008 151126s1952 it u000 u ita r 032 $aLibriCat 040 $aPUL$bita 041 0 $aita$alat$agrc 100 1 $aDaffāra, Marcolino,$cO.P.$0(OLS)http://pul/name/54142 245 10$aDio :$besposizione e valutazione delle prove /$cMarcolino Daffara O.P. 250 $a2. ed. riveduta. 260 $aTorino :$bSocietā editrice internazionale,$c1952. 300 $aXXIV, 432 p. ;$c23 cm. 490 1 $aStudi superiori 504 $aBibliografia in nota. 650 4$aDio$xEsistenza$xProve.$0(OLS)http://pul/subject/403 830 0$aStudi superiori (S.E.I).$0(OLS)http://pul/title/31688 850 $aPUL 852 $aPUL$W1$xDP1 Fondo Bordoni$y120$m2 A 79$j156020$qFondi$B171510$CPULBib$Z2$F171510 $HBor517 $81 941 1 $a1 961 $aNota ms. di possesso: Marcello Bordoni 996 $6245$aDio :$besposizione e valutazione delle prove$9(OLS)http://pul/title/186395 996 $6260$aTorino :$bSocietā editrice internazionale$9(OLS)http://pul/publisher/48156 LEADER 01709nam a2200373 a 4500 001 000000172589 003 CaOOAMICUS 005 20190828090536.0 008 190828s2018 it 000 u ita r 020 $z978-88-598-1866-3* 032 $aLibriCat 040 $aPUL$bita$d 082 04$a346.45 245 00$aDella famiglia : leggi complemetari /$cBelfiore, Elio Romano [et al.]; a cura di Giovanni Di Rosa. 250 $aII edizione 260 $aTorino :$bUTET Giuridica,$cŠ2018. 300 $aLIV, 2140 ;$c25 cm 490 1 $aCommentario del codice civile / diretto da Enrico Gabrielli 500 $aLa numerazione del volume all'interno della collana č contrassegnato da 1 asterisco. 504 $aBibliografia in nota a pič pagina. 650 4$aFamiglia (diritto)$zItalia.$0(OLS)http://pul/subject/7144 650 4$aCodice civile$zItalia$xCommenti.$0(OLS)http://pul/subject/33992 700 1 $aGabrielli, Enrico$b1956-$0(OLS)http://pul/name/44662 700 1 $aBelfiore, Elio Romano.$0(OLS)http://pul/name/110823 700 1 $aDi Rosa, Giovanni,$d1967-$0(OLS)http://pul/name/71518 830 0$aCommentario del codice civile (UTET) ;$v3.$0(OLS)http://pul/title/152396 850 $aPUL 852 $aPUL$W1$xSL Diritto e Scienze Sociali 3$y79$m346. 45 GABEN 2.2.3$j196535$qDDC 21$B201297$CPULBib$Z2$F201297 $H133187 $82 941 1 $a9 996 $6020$z978-88-598-1866-3*$9(OLS)http://pul/number/166664 996 $6082$a346.45$9(OLS)http://pul/classification/372 996 $6245$aDella famiglia : leggi complemetari$9(OLS)http://pul/title/213553 996 $6260$aTorino :$bUTET Giuridica$9(OLS)http://pul/publisher/79191